000 00951nam a22002055i 4500
001 164202
003 ES-MaACL
005 20250815122200.0
008 050727s1898 sp af |||| | spa d
040 _aCAM
_bspa
_cCAM
100 0 _aRuskin, John,
_d1819-1900
_9101026
245 1 0 _aModern painters /
_cby John Ruskin.
250 _a2nd ed. in small form.
260 _aLondon :
_bGeorge Allen,
_c1898 (
_fprinted by Ballantyne, Hanson & Co.)
300 _a5 v. :
_bil. ;
_c20 cm.
505 8 _aT. I. General principles and of truth (LXXII, 456 p.) -- T. II. The imaginative and theoretic faculties (XXVIII, 285 p.) -- T. III. Many things (XV, 365 p., 17 h. de lám.) -- T. IV. Mountain beauty (XII, 435 p., 50 h. de lám.) -- T. V. Leaf beauty, of cloud beauty, of ideas of relation (XVI, 392 p., 87 h. de lám.)
650 7 _aPintura
_2embne
_916002
852 _aES-MaACL
_jG-10932-36
_z-- Enc. tela
999 _c164202
_d164202